header

Leadership and religious schools (Record no. 49418)

MARC details
000 -LEADER
fixed length control field 01320nam a2200313Ia 4500
100 1# - MAIN ENTRY--AUTHOR NAME
Personal name Buchanan, Michael T.
245 10 - TITLE STATEMENT
Title Leadership and religious schools
260 ## - PUBLICATION, DISTRIBUTION, ETC. (IMPRINT)
Place of publication New York :
Name of publisher Bloomsbury,
Year of publication 2013.
300 ## - PHYSICAL DESCRIPTION
Number of Pages xiii, 214 p.
650 #0 - SUBJECT ADDED ENTRY--TOPICAL TERM
Topical Term Church schools
Topical Term Educational leadership
Topical Term School management and organization
856 40 - ELECTRONIC LOCATION AND ACCESS
Uniform Resource Identifier http://site.ebrary.com/lib/rucke/Doc?id=10638829

No items available.

© 2026 Rongo University
Contact us: librarian | system librarian | Rongo university